000 00664nam a22002297a 4500
003 UA-OsUOA
001 84449
007 ta
008 20120601b un ||||| |||| 00| 0 ukr d
100 _aБазилевич В.
700 _aФилюк В.
090 _a330(477)
_bБ17
942 _cSA
040 _aUA-OsUOA
_bfre
_cUA-OsUOA
_dUA-OsUOA
245 _aКонцентрація у банківському секторі України: сучасний стан та шляхи регулювання
300 _aС.3-19
955 _a0
041 _afre
080 _a330(477)
773 0 _w84448
650 7 _a330 Економіка взагалі
_2UDC
999 _c370765
_d370765